Score 0/30 Timer 05:00
0 Plays Today
Brand Real (R) or Fake (F)? % Correct
Barnes & Noble???
90.2%
Ben & Jerry's???
88.7%
Wendy's???
88.3%
Applebee's???
82.7%
Chuck E. Cheese's???
82.7%
Mrs. Fields (cookies)???
78.7%
Mary Kay (cosmetics)???
75.8%
Tim Hortons???
75.7%
Lowe's???
75.2%
Michaels???
74.3%
Papa John's Pizza???
73.3%
Ruth's Chris Steak House???
72.3%
T.J. Maxx???
70.3%
Johnny Rockets???
65.6%
Zappos???
63.4%
Brand Real (R) or Fake (F)? % Correct
Arby's???
63.2%
Frederick's of Hollywood???
63.2%
J. Crew???
63.1%
Bebe Stores???
62.8%
J. Peterman Co.???
61.9%
P.F. Chang's???
61.1%
McDonald's???
56.8%
L.L. Bean???
53.8%
Bennigan's???
50%
Hardee's???
38.9%
B. Dalton Bookseller???
35.5%
Trader Joe's???
35%
Jo-Ann Fabric & Craft???
32.3%
Ann Taylor???
31.8%
Schlotzsky's???
30.2%

You're not logged in!

Compare scores with friends on all Sporcle quizzes.
OR
Log In

Sporcle TV

Today on Sporcle TV


Watch our educational content, quiz creation guides, and fun videos on Sporcle TV.

Show Comments

Extras

Top Quizzes Today


Score Distribution

Paid Content

Your Account Isn't Verified!

In order to create a playlist on Sporcle, you need to verify the email address you used during registration. Go to your Sporcle Settings to finish the process.

Report this User

Report this user for behavior that violates our Community Guidelines.

Details: